00604nam a2200205Ia 4500003000400000005001700004008004100021020001900062040000700081041000800088082001600096100002600112245002700138260003700165300000900202650002300211942001300234999001900247952013200266OSt20260331143936.0250729s2011 xx 000 0 und d a978-8174571557 cAL aeng a370.15 MATE aDr.S.S.Mathur9230755 aEducational psychology aAgrabAggarwal Publicationc2011 a608p aPsychology9230756 2ddccBED c238940d238940 00104070aALbALd2025-07-29eManagement Booksg250.00l0o370.15 MATEpBED04259r2025-07-29 16:57:08v250.00w2025-07-29yBK